[Event "ODEM U25A 2013"]
[Site "Oberhof GER"]
[Date "2013.05.21"]
[Round "5"]
[White "Cremer, Jan Paul"]
[Black "Gölz, Daniel"]
[Result "0-1"]
[Termination "normal"]
[Board "1"]
[WhiteElo "2195"]
[BlackElo "2137"]
[PlyCount "76"]
[WhiteFideId "24686115"]
[BlackFideId "24626325"]
[EventCountry "GER"]
[EventRounds "9"]
[EventType "swiss"]
[EventDate "2013.05.18"]

1. e4 c5 2. Nf3 Nc6 3. d4 cxd4 4. Nxd4 Nf6 5. Nc3 e5 6. Ndb5 d6 7. Bg5 a6 8.
Na3 b5 9. Nd5 Be7 10. Bxf6 Bxf6 11. c3 O-O 12. Nc2 Bg5 13. a4 bxa4 14. Rxa4 a5
15. Bc4 Rb8 16. b3 Kh8 17. Nce3 g6 18. h4 Bh6 19. Ng4 Bxg4 20. Qxg4 f5 21. Qe2
Rb7 22. h5 Qg5 23. hxg6 hxg6 24. Ne3 Rh7 25. exf5 gxf5 26. Bb5 Ne7 27. Rah4 d5
28. Qh5 Qg7 29. g4 e4 30. g5 Qxc3+ 31. Kf1 f4 32. Nd1 Qxb3 33. g6 Qxb5+ 34. Ke1
Rf5 35. Qg4 f3 36. Nc3 Qb2 37. g7+ Kg8 38. Rxh6 Rxh6 0-1

[Event "ODEM U25A 2013"]
[Site "Oberhof GER"]
[Date "2013.05.21"]
[Round "5"]
[White "Poetsch, Hagen"]
[Black "Grewenig, Jan"]
[Result "1-0"]
[Termination "normal"]
[Board "2"]
[WhiteTitle "IM"]
[WhiteElo "2431"]
[BlackElo "2002"]
[PlyCount "53"]
[WhiteFideId "24615137"]
[BlackFideId "4657330"]
[EventCountry "GER"]
[EventRounds "9"]
[EventType "swiss"]
[EventDate "2013.05.18"]

1. e4 c5 2. Nf3 Nc6 3. d4 cxd4 4. Nxd4 g6 5. Nc3 Bg7 6. Be3 Nf6 7. Bc4 Qa5 8.
O-O O-O 9. Nb3 Qc7 10. Be2 d6 11. Bg5 Nd7 12. Nd5 Qd8 13. c3 Nb6 14. Ne3 Be6
15. a4 Ne5 16. Nd4 Bc4 17. a5 Bxe2 18. Qxe2 Nbd7 19. a6 h6 20. Bh4 Nc6 21. Nb5
Nc5 22. axb7 Nxb7 23. Ra6 Qd7 24. Nd5 Kh8 25. Rfa1 Nc5 26. R6a3 Rfe8 27. Nb6
1-0

[Event "ODEM U25A 2013"]
[Site "Oberhof GER"]
[Date "2013.05.21"]
[Round "5"]
[White "Wenninger, Philipp"]
[Black "Jahncke, Giso"]
[Result "1-0"]
[Termination "normal"]
[Board "4"]
[BlackTitle "CM"]
[WhiteElo "2220"]
[BlackElo "2214"]
[PlyCount "53"]
[WhiteFideId "4648404"]
[BlackFideId "24608289"]
[EventCountry "GER"]
[EventRounds "9"]
[EventType "swiss"]
[EventDate "2013.05.18"]

1. d4 d6 2. c4 Nf6 3. Nc3 Nbd7 4. e4 e5 5. d5 c6 6. f3 Be7 7. Be3 O-O 8. Nh3
Ne8 9. Nf2 Bg5 10. Bxg5 Qxg5 11. Qd2 Qd8 12. Be2 c5 13. O-O a6 14. a3 Rb8 15.
b4 Qb6 16. Rab1 Qa7 17. Kh1 Nc7 18. Nd3 cxb4 19. axb4 Qd4 20. c5 b6 21. c6 Nf6
22. b5 Nfxd5 23. Nxd5 Nxd5 24. exd5 Qxd5 25. Rfd1 Bf5 26. Rb2 e4 27. Nb4 1-0

[Event "ODEM U25A 2013"]
[Site "Oberhof GER"]
[Date "2013.05.21"]
[Round "5"]
[White "Wurm, Alexander"]
[Black "Reisberg, Andre"]
[Result "1-0"]
[Termination "normal"]
[Board "5"]
[WhiteElo "2081"]
[BlackElo "1975"]
[PlyCount "49"]
[WhiteFideId "24637246"]
[BlackFideId "1270630"]
[EventCountry "GER"]
[EventRounds "9"]
[EventType "swiss"]
[EventDate "2013.05.18"]

1. e4 e6 2. d4 d5 3. Nd2 Nf6 4. e5 Nfd7 5. Bd3 c5 6. c3 Nc6 7. Ne2 Be7 8. O-O
Qb6 9. Nf3 O-O 10. Bb1 Re8 11. Re1 f6 12. exf6 Nxf6 13. Qd3 cxd4 14. cxd4 Bd6
15. Nc3 a6 16. Nxd5 exd5 17. Rxe8+ Nxe8 18. Qxh7+ Kf8 19. Qh8+ Kf7 20. Bg6+
Kxg6 21. Qxe8+ Kf6 22. Bg5+ Kf5 23. Re1 Bxh2+ 24. Kxh2 Qc7+ 25. Kh3 1-0

[Event "ODEM U25A 2013"]
[Site "Oberhof GER"]
[Date "2013.05.21"]
[Round "5"]
[White "Höpfner, Tim"]
[Black "Schirrmacher, Carsten"]
[Result "0-1"]
[Termination "normal"]
[Board "6"]
[WhiteElo "1955"]
[BlackElo "2095"]
[PlyCount "98"]
[WhiteFideId "4638310"]
[BlackFideId "24610445"]
[EventCountry "GER"]
[EventRounds "9"]
[EventType "swiss"]
[EventDate "2013.05.18"]

1. d4 d5 2. c4 dxc4 3. e3 e5 4. Bxc4 exd4 5. exd4 Nf6 6. h3 Bb4+ 7. Nc3 O-O 8.
Nge2 Nc6 9. O-O Bf5 10. a3 Be7 11. Bf4 Bd6 12. Be3 Qd7 13. Bb5 a6 14. Ba4 b5
15. Bb3 Rad8 16. Rc1 Bxh3 17. gxh3 Qxh3 18. Bf4 Ng4 19. Qd2 Nh2 20. Bd5 Nxf1
21. Rxf1 Qg4+ 22. Bg3 Ne7 23. Bg2 Nf5 24. Qc2 Bxg3 25. fxg3 Ne3 26. Qc1 Nxf1
27. Qxf1 Rd6 28. Ne4 Re6 29. Nf4 Rxe4 30. Bxe4 Qxg3+ 31. Bg2 Qe3+ 32. Qf2 Qc1+
33. Kh2 Rd8 34. Nd3 Qh6+ 35. Kg1 Qd6 36. d5 Re8 37. Nb4 a5 38. Nc6 a4 39. Nd4
b4 40. axb4 Qxb4 41. Nf3 Qc4 42. Nd4 Qc1+ 43. Kh2 Rb8 44. Nc6 Rxb2 45. Qf5 Qh6+
46. Kg1 Qe3+ 47. Kh1 g6 48. Qc8+ Kg7 49. Qxc7 Qe1+ 0-1

[Event "ODEM U25A 2013"]
[Site "Oberhof GER"]
[Date "2013.05.21"]
[Round "5"]
[White "Böhning, Kilian"]
[Black "Carow, Annelen"]
[Result "1-0"]
[Termination "normal"]
[Board "7"]
[WhiteElo "1882"]
[BlackElo "2025"]
[PlyCount "105"]
[WhiteFideId "1270499"]
[BlackFideId "24692492"]
[EventCountry "GER"]
[EventRounds "9"]
[EventType "swiss"]
[EventDate "2013.05.18"]

1. e4 c5 2. Nf3 e6 3. d4 cxd4 4. Nxd4 a6 5. Nc3 Qc7 6. Bd3 Nf6 7. f4 d6 8. O-O
Be7 9. Kh1 Nbd7 10. Qf3 b5 11. g4 h6 12. g5 hxg5 13. fxg5 Ne5 14. Qg2 Nh5 15.
Nce2 Bb7 16. g6 Nxg6 17. Nxe6 Qd7 18. N2d4 d5 19. e5 Nxe5 20. Nxg7+ Kd8 21. Bf5
Qd6 22. Nxh5 Rxh5 23. Bf4 Bf6 24. Rae1 Rh8 25. Qg3 Re8 26. Re3 Bh8 27. Rfe1 f6
28. Qh3 Kc7 29. Rc3+ Kb8 30. Qh7 Qe7 31. Qh5 Ka7 32. Qe2 Rad8 33. Qf2 Ka8 34.
Kg1 Rg8+ 35. Bg3 Kb8 36. a3 Ka8 37. Kf1 Qd6 38. Ra1 Qb6 39. Qf4 Rde8 40. Bf2
Qd6 41. Bg3 Rg7 42. Re1 Rge7 43. Bg6 Rg8 44. Nf5 Qd7 45. Nxe7 Qxe7 46. Bf5 Rg5
47. Bh3 Qh7 48. Bf2 Rh5 49. Bg2 Rf5 50. Qd4 Bc6 51. Rxc6 Nxc6 52. Re8+ Kb7 53.
Qb6# 1-0

[Event "ODEM U25A 2013"]
[Site "Oberhof GER"]
[Date "2013.05.21"]
[Round "5"]
[White "Kardoeus, David"]
[Black "Bilchinski, Anton"]
[Result "1/2-1/2"]
[Termination "normal"]
[Board "8"]
[WhiteElo "1894"]
[BlackElo "1900"]
[PlyCount "43"]
[WhiteFideId "12912050"]
[BlackFideId "24615765"]
[EventCountry "GER"]
[EventRounds "9"]
[EventType "swiss"]
[EventDate "2013.05.18"]

1. b3 d5 2. Bb2 Bg4 3. Nf3 Bxf3 4. gxf3 Nf6 5. e3 Nbd7 6. f4 e6 7. Be2 c6 8.
Rg1 g6 9. d3 Bg7 10. Nd2 O-O 11. Nf3 b5 12. Ne5 Nxe5 13. Bxe5 Nd7 14. Bxg7 Kxg7
15. Qd2 Qf6 16. d4 Rfc8 17. Kf1 a6 18. a4 Qe7 19. b4 Nf6 20. a5 Ne4 21. Qe1 Nd6
22. f3 1/2-1/2

[Event "ODEM U25A 2013"]
[Site "Oberhof GER"]
[Date "2013.05.21"]
[Round "5"]
[White "Alten, Silvio"]
[Black "Pixa, Richard"]
[Result "1/2-1/2"]
[Termination "normal"]
[Board "9"]
[WhiteElo "1878"]
[BlackElo "1920"]
[PlyCount "85"]
[WhiteFideId "24660078"]
[BlackFideId "4626095"]
[EventCountry "GER"]
[EventRounds "9"]
[EventType "swiss"]
[EventDate "2013.05.18"]

1. e4 e6 2. d4 d5 3. Nc3 Nf6 4. Bg5 Bb4 5. e5 h6 6. Bd2 Bxc3 7. bxc3 Ne4 8. Bd3
Nxd2 9. Qxd2 c5 10. Bb5+ Bd7 11. Rb1 Qc7 12. Ne2 O-O 13. f4 Bc8 14. dxc5 Qxc5
15. Qd4 Qc7 16. g4 Bd7 17. Bd3 Nc6 18. Qe3 b6 19. g5 h5 20. g6 fxg6 21. Bxg6
Be8 22. Bd3 Ne7 23. Qh3 Nf5 24. Kd2 Qc5 25. Rhf1 d4 26. Bxf5 dxc3+ 27. Qxc3
Rxf5 28. Qxc5 bxc5 29. Ng3 Rf7 30. Ne4 Bc6 31. Nd6 Rff8 32. Rb3 Rab8 33. Ra3
Rb4 34. Rxa7 Rfxf4 35. Rg1 Rg4 36. Rg3 Rbd4+ 37. Ke3 Rdf4 38. Rc7 Bd5 39. Rxc5
Bxa2 40. Rc8+ Kh7 41. Rxg4 Rxg4 42. Rf8 Rh4 43. Rf2 1/2-1/2

[Event "ODEM U25A 2013"]
[Site "Oberhof GER"]
[Date "2013.05.21"]
[Round "5"]
[White "Askri, Samir"]
[Black "Böhm, Malte"]
[Result "1-0"]
[Termination "normal"]
[Board "10"]
[WhiteElo "1785"]
[BlackElo "1992"]
[PlyCount "113"]
[WhiteFideId "12924938"]
[BlackFideId "1270629"]
[EventCountry "GER"]
[EventRounds "9"]
[EventType "swiss"]
[EventDate "2013.05.18"]

1. d4 Nf6 2. c4 g6 3. Nc3 Bg7 4. e4 d6 5. Nf3 O-O 6. Be2 e5 7. O-O Nc6 8. d5
Nb8 9. Ne1 Ne8 10. Be3 f5 11. f3 f4 12. Bf2 Rf7 13. c5 Bf8 14. Nd3 g5 15. b4 h5
16. a4 Rg7 17. Rc1 g4 18. fxg4 hxg4 19. Qe1 Qg5 20. Bh4 Qh6 21. cxd6 cxd6 22.
g3 f3 23. Bd1 Rh7 24. Rf2 Nd7 25. Nb5 Ndf6 26. Rc4 Qg6 27. Bb3 a6 28. Nc3 Be7
29. a5 Rxh4 30. gxh4 Nh5 31. Rc2 g3 32. hxg3 Bxh4 33. Qf2 Nxg3 34. Qxf3 Nxe4+
35. Qg2 Ng3 36. Rxh4 Qxd3 37. Kh2 Ng7 38. Qxg3 Qxg3+ 39. Kxg3 Nf5+ 40. Kg4 Nd4+
41. Kg5 Nf3+ 42. Kh5 Nxh4 43. Kxh4 Bf5 44. Rf2 Rc8 45. Ne2 Bd3 46. Rg2+ Kf7 47.
Rf2+ Ke7 48. Ng3 Rc3 49. Ba2 Bc4 50. Nf5+ Kd7 51. Kg5 Bxa2 52. Rxa2 Rb3 53. Rh2
Rxb4 54. Rh7+ Kd8 55. Nxd6 b6 56. Nb7+ Kc8 57. d6 1-0

[Event "ODEM U25A 2013"]
[Site "Oberhof GER"]
[Date "2013.05.21"]
[Round "5"]
[White "Hartewig, Philipp"]
[Black "Stabernack, Joschi"]
[Result "0-1"]
[Termination "normal"]
[Board "11"]
[WhiteElo "1811"]
[BlackElo "2022"]
[PlyCount "58"]
[WhiteFideId "1270639"]
[BlackFideId "12937258"]
[EventCountry "GER"]
[EventRounds "9"]
[EventType "swiss"]
[EventDate "2013.05.18"]

1. d4 Nf6 2. c4 g6 3. Nc3 Bg7 4. e4 d6 5. f4 O-O 6. Nf3 Bg4 7. Be2 Na6 8. O-O
c5 9. d5 e6 10. h3 Bxf3 11. Bxf3 exd5 12. cxd5 Re8 13. Re1 Nd7 14. Be2 Nc7 15.
Qc2 a6 16. a4 b6 17. Kh2 Rb8 18. g4 b5 19. axb5 axb5 20. g5 c4 21. f5 Be5+ 22.
Kg2 f6 23. fxg6 hxg6 24. Bg4 Nc5 25. Rf1 Nd3 26. Ra7 Rf8 27. gxf6 Bxf6 28. Ne2
Be5 29. Rxf8+ Qxf8 0-1

[Event "ODEM U25A 2013"]
[Site "Oberhof GER"]
[Date "2013.05.21"]
[Round "5"]
[White "Stark, Sven"]
[Black "Nötzel, Felix"]
[Result "0-1"]
[Termination "normal"]
[Board "12"]
[WhiteElo "1862"]
[BlackElo "2101"]
[PlyCount "76"]
[WhiteFideId "4670124"]
[BlackFideId "24637416"]
[EventCountry "GER"]
[EventRounds "9"]
[EventType "swiss"]
[EventDate "2013.05.18"]

1. d4 d5 2. c4 e6 3. Nc3 c6 4. e3 f5 5. Nf3 Nf6 6. Bd3 Bd6 7. Ne5 O-O 8. O-O
Nbd7 9. f4 Ne4 10. Nxe4 dxe4 11. Be2 c5 12. Nxd7 Bxd7 13. d5 e5 14. Qe1 Qf6 15.
Rb1 Qh6 16. Bd2 Rae8 17. Qf2 Rf6 18. g3 exf4 19. gxf4 g5 20. fxg5 Rg6 21. Kh1
Qxg5 22. Rg1 Qh6 23. Rg2 f4 24. exf4 e3 25. Bxe3 Rxe3 26. Rxg6+ hxg6 27. Qxe3
Bxf4 28. Qf2 Bf5 29. Bf3 Bxb1 30. d6 Bxd6 31. Bd5+ Kh7 32. Qf7+ Qg7 33. Qe6 Qe7
34. Qg8+ Kh6 35. Qh8+ Kg5 36. h4+ Kg4 37. Qc8+ Kg3 38. Qe6 Qxh4+ 0-1

[Event "ODEM U25A 2013"]
[Site "Oberhof GER"]
[Date "2013.05.21"]
[Round "5"]
[White "Celmer, Ole"]
[Black "Weber, Daniel"]
[Result "1/2-1/2"]
[Termination "normal"]
[Board "14"]
[WhiteElo "1882"]
[BlackElo "1897"]
[PlyCount "52"]
[WhiteFideId "24657107"]
[BlackFideId "24615498"]
[EventCountry "GER"]
[EventRounds "9"]
[EventType "swiss"]
[EventDate "2013.05.18"]

1. e4 e6 2. d4 d5 3. Nc3 Nf6 4. Bg5 Bb4 5. e5 h6 6. Be3 Ne4 7. Qg4 Kf8 8. a3
Bxc3+ 9. bxc3 Nxc3 10. Bd3 c5 11. dxc5 Nc6 12. Nf3 Qc7 13. O-O Bd7 14. Rfe1 Ne7
15. Nd4 Na4 16. Nb3 Nb2 17. Rab1 Nxd3 18. cxd3 Nf5 19. d4 Ba4 20. Qf3 Bxb3 21.
Rxb3 Rb8 22. Reb1 Ke7 23. g4 Nxe3 24. Qxe3 b6 25. cxb6 Rxb6 26. Rxb6 axb6
1/2-1/2

[Event "ODEM U25A 2013"]
[Site "Oberhof GER"]
[Date "2013.05.21"]
[Round "5"]
[White "Peters, Tom"]
[Black "Schirra, Felix"]
[Result "0-1"]
[Termination "normal"]
[Board "15"]
[WhiteElo "1852"]
[BlackElo "1711"]
[PlyCount "80"]
[WhiteFideId "24694444"]
[BlackFideId "24692662"]
[EventCountry "GER"]
[EventRounds "9"]
[EventType "swiss"]
[EventDate "2013.05.18"]

1. e4 c5 2. Nf3 d6 3. Bb5+ Bd7 4. Bxd7+ Nxd7 5. O-O Ngf6 6. Re1 e6 7. c3 Be7 8.
d3 O-O 9. Nbd2 b5 10. Nf1 Qb6 11. h3 b4 12. g4 Rfe8 13. Ng3 Ne5 14. Nh2 bxc3
15. bxc3 c4 16. d4 Nd3 17. Re2 Qa5 18. Rc2 Rab8 19. Nf3 Rb5 20. Ne1 Nxc1 21.
Qxc1 Reb8 22. f4 Qb6 23. Qd2 d5 24. e5 Nd7 25. Nf3 Rb2 26. Rac1 Ba3 27. f5 Rxc2
28. Rxc2 Qb1+ 29. Kf2 Rb2 30. Rxb2 Bxb2 31. f6 Bc1 32. Qe1 Qxa2+ 33. Ne2 Ba3
34. Kf1 gxf6 35. exf6 Nxf6 36. Qh4 Qb1+ 37. Kg2 Ne4 38. Nf4 Qc2+ 39. Kf1 Qc1+
40. Kg2 Qxf4 0-1

[Event "ODEM U25A 2013"]
[Site "Oberhof GER"]
[Date "2013.05.21"]
[Round "5"]
[White "Yin, Stanley"]
[Black "Reimers, Juri"]
[Result "0-1"]
[Termination "normal"]
[Board "16"]
[WhiteElo "2018"]
[BlackElo "1751"]
[PlyCount "76"]
[WhiteFideId "24622729"]
[BlackFideId "24661511"]
[EventCountry "GER"]
[EventRounds "9"]
[EventType "swiss"]
[EventDate "2013.05.18"]

1. g3 e5 2. d3 Nf6 3. Nf3 d6 4. c3 c6 5. Na3 Bg4 6. Bg2 Nbd7 7. Nc4 Qc7 8. O-O
d5 9. Ne3 Be6 10. Ng5 Qd6 11. Nxe6 Qxe6 12. h3 Bd6 13. g4 O-O-O 14. Nf5 Bf8 15.
Qa4 g6 16. Ng3 Kb8 17. b4 Nb6 18. Qb3 Nfd7 19. a4 f5 20. a5 Nc8 21. e4 Ne7 22.
gxf5 gxf5 23. Bg5 Nf6 24. f4 fxe4 25. fxe5 Nd7 26. dxe4 Nxe5 27. exd5 cxd5 28.
Rf6 Qd7 29. Bf4 Qc7 30. Rf7 Qd6 31. a6 b6 32. Rd1 N7g6 33. Rb7+ Ka8 34. Bg5
Nf3+ 35. Kf2 Nxg5 36. Qxd5 Qf4+ 37. Kg1 Bc5+ 38. Qxc5 bxc5 0-1

[Event "ODEM U25A 2013"]
[Site "Oberhof GER"]
[Date "2013.05.21"]
[Round "5"]
[White "Schwedek, Tony"]
[Black "Valet, Alexander"]
[Result "1/2-1/2"]
[Termination "normal"]
[Board "17"]
[WhiteElo "1933"]
[BlackElo "1910"]
[PlyCount "40"]
[WhiteFideId "12908312"]
[BlackFideId "24682560"]
[EventCountry "GER"]
[EventRounds "9"]
[EventType "swiss"]
[EventDate "2013.05.18"]

1. d4 Nf6 2. Nf3 e6 3. c4 b6 4. g3 Bb7 5. Bg2 Bb4+ 6. Bd2 Bxd2+ 7. Qxd2 O-O 8.
Nc3 d6 9. O-O Nbd7 10. Rfd1 Qe7 11. Ne5 Bxg2 12. Nxd7 Nxd7 13. Kxg2 Rfd8 14. e4
c5 15. d5 e5 16. Rf1 f6 17. Rae1 Rf8 18. Nb5 Nb8 19. f4 a6 20. Nc3 Nd7 1/2-1/2

[Event "ODEM U25A 2013"]
[Site "Oberhof GER"]
[Date "2013.05.21"]
[Round "5"]
[White "Faldum, Manfred"]
[Black "Kast, Joannis"]
[Result "1-0"]
[Termination "normal"]
[Board "19"]
[WhiteElo "1865"]
[BlackElo "1823"]
[PlyCount "73"]
[WhiteFideId "12921459"]
[BlackFideId "24698776"]
[EventCountry "GER"]
[EventRounds "9"]
[EventType "swiss"]
[EventDate "2013.05.18"]

1. Nf3 c5 2. g3 Nf6 3. Bg2 d5 4. O-O Nc6 5. d3 e5 6. c4 Be7 7. cxd5 Nxd5 8. Nc3
Be6 9. Nd2 O-O 10. Nc4 Qd7 11. Bd2 Rac8 12. a4 Nd4 13. Nxe5 Qd8 14. Nc4 Qd7 15.
Rc1 b6 16. Ne5 Qd8 17. e3 Nc6 18. Nxc6 Rxc6 19. Ne2 Qd7 20. Re1 Rcc8 21. Bc3
Nxc3 22. bxc3 Rfe8 23. Nf4 Bg4 24. Qb3 g5 25. Nd5 Be6 26. c4 Bxd5 27. Bxd5 Bd6
28. f4 Qg4 29. Kh1 h5 30. Qd1 Qxd1 31. Rcxd1 Be7 32. Rf1 g4 33. e4 Bf6 34. e5
Be7 35. f5 Rc7 36. f6 Bf8 37. Rf5 1-0

[Event "ODEM U25A 2013"]
[Site "Oberhof GER"]
[Date "2013.05.21"]
[Round "5"]
[White "Stark, Timo"]
[Black "Frischmann, Rick"]
[Result "0-1"]
[Termination "normal"]
[Board "20"]
[WhiteElo "1843"]
[BlackElo "2254"]
[PlyCount "82"]
[WhiteFideId "4670183"]
[BlackFideId "24660752"]
[EventCountry "GER"]
[EventRounds "9"]
[EventType "swiss"]
[EventDate "2013.05.18"]

1. d4 d5 2. Nf3 Nc6 3. c4 Bg4 4. e3 e5 5. dxe5 dxc4 6. Qa4 Bxf3 7. gxf3 Qd5 8.
e4 Qxe5 9. Bxc4 Bb4+ 10. Kf1 Nge7 11. Qb3 O-O 12. Nc3 Qh5 13. Ne2 Qh3+ 14. Kg1
Ne5 15. Ng3 N7c6 16. Bf1 Qe6 17. Qe3 Rad8 18. Be2 Nd4 19. f4 Nc2 20. Qxa7 Nc6
21. Qxb7 Nxa1 22. a3 Bd2 23. f5 Qh6 24. f6 Qxf6 25. Nf5 Bxc1 26. Qxc6 Qxc6 27.
Ne7+ Kh8 28. Nxc6 Rd2 29. Bg4 Bxb2 30. Kg2 Nc2 31. Kg3 Bxa3 32. Rb1 Nd4 33. Na5
Bd6+ 34. f4 Rd3+ 35. Kg2 Bxf4 36. Nc4 Rc3 37. Rb4 Nc2 38. Ra4 Rxc4 39. Rxc4
Ne3+ 40. Kf3 Nxc4 41. Kxf4 Re8 0-1

[Event "ODEM U25A 2013"]
[Site "Oberhof GER"]
[Date "2013.05.21"]
[Round "5"]
[White "Lagunow, Elina"]
[Black "Steingräber, Kai-Uwe"]
[Result "0-1"]
[Termination "normal"]
[Board "21"]
[WhiteElo "1759"]
[BlackElo "2169"]
[PlyCount "64"]
[WhiteFideId "4673387"]
[BlackFideId "1271602"]
[EventCountry "GER"]
[EventRounds "9"]
[EventType "swiss"]
[EventDate "2013.05.18"]

1. Nf3 d5 2. g3 Nf6 3. Bg2 e6 4. O-O Be7 5. c4 O-O 6. d3 b6 7. Nc3 Bb7 8. Qc2
c5 9. e4 Nc6 10. a3 dxc4 11. dxc4 Nd4 12. Nxd4 cxd4 13. Rd1 e5 14. Nd5 Rc8 15.
Qa4 Bc6 16. Qxa7 Nxd5 17. cxd5 Ra8 18. Qxa8 Bxa8 19. f4 Bd6 20. fxe5 Bxe5 21.
Bf4 Bxf4 22. gxf4 Qf6 23. Rf1 h6 24. Rad1 Rc8 25. e5 Qg6 26. Rxd4 Rc2 27. Rf2
Rc1+ 28. Rf1 Qc2 29. Rb4 Rxf1+ 30. Bxf1 Bxd5 31. h3 Qc5+ 32. Kh2 Qf2+ 0-1

[Event "ODEM U25A 2013"]
[Site "Oberhof GER"]
[Date "2013.05.21"]
[Round "5"]
[White "Nitzsche, Pia"]
[Black "Feldheim, Jonas"]
[Result "0-1"]
[Termination "normal"]
[Board "22"]
[WhiteElo "1662"]
[BlackElo "2024"]
[PlyCount "98"]
[WhiteFideId "12900370"]
[BlackFideId "24697583"]
[EventCountry "GER"]
[EventRounds "9"]
[EventType "swiss"]
[EventDate "2013.05.18"]

1. c4 e5 2. Nc3 Nc6 3. Nf3 Bc5 4. d3 d6 5. g3 Nf6 6. Bg2 h6 7. O-O a6 8. a3 Ba7
9. b4 O-O 10. Bb2 Bg4 11. h3 Be6 12. Nd2 Qd7 13. Kh2 d5 14. cxd5 Nxd5 15. Nce4
f5 16. Nc5 Bxc5 17. bxc5 f4 18. Qc2 fxg3+ 19. fxg3 Ne3 20. Rxf8+ Rxf8 21. Qc3
Nxg2 22. Kxg2 Bxh3+ 23. Kg1 Nd4 24. Qc4+ Kh8 25. Bxd4 exd4 26. Ne4 Be6 27. Qb4
Qd5 28. c6 Rb8 29. cxb7 Rxb7 30. Qf8+ Kh7 31. Qe7 Kg6 32. Rc1 Bf5 33. Qe8+ Kh7
34. Rf1 Rb6 35. Rf3 Re6 36. Qf7 Bxe4 37. dxe4 Qxe4 38. Qxc7 Qxe2 39. Rf7 Rg6
40. Qb8 Qg4 41. Kg2 Re6 42. Rf8 d3 43. Rh8+ Kg6 44. Qc7 Qe2+ 45. Kg1 Qd1+ 46.
Kg2 Re2+ 47. Kh3 Qh1+ 48. Kg4 Qh5+ 49. Kf4 Qf5# 0-1

[Event "ODEM U25A 2013"]
[Site "Oberhof GER"]
[Date "2013.05.21"]
[Round "5"]
[White "Nobis, Philipp"]
[Black "Stein, Daniel"]
[Result "0-1"]
[Termination "normal"]
[Board "24"]
[WhiteElo "1716"]
[BlackElo "1823"]
[PlyCount "78"]
[WhiteFideId "24602183"]
[BlackFideId "12939307"]
[EventCountry "GER"]
[EventRounds "9"]
[EventType "swiss"]
[EventDate "2013.05.18"]

1. c4 Nf6 2. g3 g6 3. Bg2 Bg7 4. Nc3 O-O 5. Nf3 d6 6. O-O Nc6 7. d3 h6 8. Bd2
e5 9. a3 a5 10. Rb1 Ne8 11. e4 f5 12. Nh4 Kh7 13. f4 Nd4 14. Nf3 fxe4 15. Nxd4
exd4 16. Nxe4 Nf6 17. Nxf6+ Rxf6 18. Be4 c6 19. Qf3 Be6 20. Qg2 d5 21. cxd5
cxd5 22. Bf3 Bf5 23. Be2 Rc6 24. Rbc1 Rac8 25. g4 Be6 26. Bf3 Rc2 27. b4 axb4
28. axb4 Bf8 29. Qe2 Bf7 30. b5 Bb4 31. Rxc2 Rxc2 32. Rd1 Be8 33. b6 Bc6 34. f5
gxf5 35. gxf5 Rxd2 36. Rxd2 Qg5+ 37. Qg2 Bxd2 38. f6 Qxg2+ 39. Kxg2 Kg6 0-1

[Event "ODEM U25A 2013"]
[Site "Oberhof GER"]
[Date "2013.05.21"]
[Round "5"]
[White "Lansky, Georg"]
[Black "Hartmann, Jakob"]
[Result "1/2-1/2"]
[Termination "normal"]
[Board "25"]
[WhiteElo "1852"]
[BlackElo "1719"]
[PlyCount "46"]
[WhiteFideId "1270625"]
[BlackFideId "12918067"]
[EventCountry "GER"]
[EventRounds "9"]
[EventType "swiss"]
[EventDate "2013.05.18"]

1. e4 e5 2. f4 exf4 3. Nf3 g5 4. h4 g4 5. Ne5 Nf6 6. Bc4 d5 7. exd5 Nh5 8. d6
Qxd6 9. Nxf7 Qe7+ 10. Qe2 Qxe2+ 11. Kxe2 Ng3+ 12. Ke1 Nxh1 13. Nxh8 f3 14. Kf1
f2 15. g3 Nxg3+ 16. Kxf2 Ne4+ 17. Kg2 Nd6 18. Bg8 Bg7 19. Bxh7 Bxh8 20. Nc3 c6
21. Bg6+ Kf8 22. d3 Nf5 23. Bg5 Kg7 1/2-1/2

[Event "ODEM U25A 2013"]
[Site "Oberhof GER"]
[Date "2013.05.21"]
[Round "5"]
[White "Meiser, Michael"]
[Black "Herrmann, Heribert"]
[Result "1-0"]
[Termination "normal"]
[Board "26"]
[WhiteElo "1931"]
[BlackElo "1683"]
[PlyCount "81"]
[WhiteFideId "24659762"]
[BlackFideId "12971715"]
[EventCountry "GER"]
[EventRounds "9"]
[EventType "swiss"]
[EventDate "2013.05.18"]

1. e4 g6 2. Nc3 Bg7 3. d4 d6 4. Nf3 Nf6 5. Bc4 O-O 6. O-O c6 7. Bb3 Nbd7 8. e5
dxe5 9. dxe5 Nd5 10. Nxd5 cxd5 11. Qxd5 Nxe5 12. Nxe5 Qxd5 13. Bxd5 Bxe5 14. c3
Rd8 15. Bf3 Rb8 16. Re1 Bf6 17. Bf4 Ra8 18. a4 a5 19. Ra3 g5 20. Be3 Be6 21.
Be4 Bd5 22. Bxd5 Rxd5 23. Rb3 Rb8 24. Ba7 Rbd8 25. Rxb7 R5d7 26. Rxd7 Rxd7 27.
Be3 Rb7 28. Bc1 e6 29. Kf1 Be7 30. Re5 Rd7 31. Ke2 Rd5 32. Rxd5 exd5 33. Kd3
Bf6 34. b4 axb4 35. cxb4 Kf8 36. a5 Be5 37. a6 Bb8 38. Bxg5 Ke8 39. Kd4 Kd7 40.
Kxd5 h5 41. b5 1-0

[Event "ODEM U25A 2013"]
[Site "Oberhof GER"]
[Date "2013.05.21"]
[Round "5"]
[White "Lenz, Jonas"]
[Black "Kempe, Markus"]
[Result "1-0"]
[Termination "normal"]
[Board "27"]
[WhiteElo "1972"]
[BlackElo "1649"]
[PlyCount "63"]
[WhiteFideId "24691160"]
[BlackFideId "24692638"]
[EventCountry "GER"]
[EventRounds "9"]
[EventType "swiss"]
[EventDate "2013.05.18"]

1. e4 c5 2. Nf3 Nc6 3. d4 cxd4 4. Nxd4 Nf6 5. Nc3 d6 6. Bc4 Qb6 7. Nde2 Qb4 8.
Bd3 e6 9. a3 Qb6 10. O-O Be7 11. h3 O-O 12. Be3 Qc7 13. Nb5 Qb8 14. f4 Rd8 15.
Ng3 d5 16. e5 Nd7 17. Nd4 Nxd4 18. Bxd4 Nc5 19. Bxc5 Bxc5+ 20. Kh1 b5 21. Nh5
Be7 22. Qg4 g6 23. Nf6+ Bxf6 24. exf6 Qd6 25. Qg5 Rb8 26. h4 Rd7 27. h5 b4 28.
Rf3 bxa3 29. hxg6 fxg6 30. Bxg6 hxg6 31. Qxg6+ Kf8 32. Rh3 1-0

[Event "ODEM U25A 2013"]
[Site "Oberhof GER"]
[Date "2013.05.21"]
[Round "5"]
[White "Khrapko, Marko"]
[Black "Klosa, Kevin"]
[Result "1-0"]
[Termination "normal"]
[Board "28"]
[WhiteElo "1818"]
[BlackElo "1668"]
[PlyCount "95"]
[WhiteFideId "12916293"]
[BlackFideId "12900206"]
[EventCountry "GER"]
[EventRounds "9"]
[EventType "swiss"]
[EventDate "2013.05.18"]

1. e4 e5 2. Nf3 Nc6 3. d4 exd4 4. Nxd4 Nf6 5. Nxc6 bxc6 6. e5 Qe7 7. Qe2 Nd5 8.
c4 Ba6 9. b3 g6 10. Ba3 c5 11. f4 Nxf4 12. Qe4 d5 13. Qxf4 Bg7 14. Bb2 d4 15.
Qe4 O-O 16. Bd3 Bxe5 17. Nd2 Qd6 18. O-O-O Rae8 19. Qf3 Bf4 20. Rde1 Re3 21.
Rxe3 dxe3 22. Ne4 Bb7 23. Nf6+ Qxf6 24. Bxf6 Bxf3 25. gxf3 Re8 26. Kd1 Re6 27.
Bh4 Bh6 28. Bg3 Re7 29. Ke2 f5 30. f4 Kf7 31. Rf1 Bg7 32. Rf3 Bd4 33. h3 Re6
34. Bh2 Ra6 35. Bb1 Kf6 36. Bg1 Re6 37. Bxe3 h6 38. Kf2 Bxe3+ 39. Rxe3 Rxe3 40.
Kxe3 a6 41. a3 a5 42. h4 h5 43. Kd3 Ke6 44. Kc3 Kd6 45. b4 axb4+ 46. axb4 cxb4+
47. Kxb4 c6 48. Bc2 1-0